00650nam a2200169 i 4500001000700000003000900007005001700016007000300033008004100036100003000077245011200107260005400219300003000273852003200303999001900335952012600354149751ES-MaACL20230906203237.0t|071024s1962 sp ||||1| spa d1 aValtierra, Angel.911299110aEstampas bíblicas b: la tierra del Señor : paisajes y santuario del Evangelio / cpor Angel Valtierra. aBurgos : bHijos de Santiago Rodríguez, c1962. a395 p. : bil. ; c25 cm. aES-MaACLjC-20907 bR.49388 c149751d149751 00104070aATENEOMbATENEOMcGaleríad2008-01-17eSCl0oC-20907p1156267r2023-02-23 00:00:00w2023-02-23yMONOGRAFIA